000 00795nam a2200193 i 4500
001 33047
003 ES-MaACL
005 20250815163048.0
007 t|
008 030201s1899 sp |||| | spa d
100 1 _aBeruete, Aureliano de,
_d1845-1912
_9149341
245 1 0 _aTercer Centenario de Velázquez
_b: discurso leído en la solemne inauguración de la sala de Velázquez del Museo Nacional de Pintura y Escultura, el día 6 de junio de 1899 /
_cpor Aureliano de Beruete y Moret.
260 _aMadrid :
_b[s.n.],
_c1899 (
_fHijos de M.G. Hernández)
300 _a13 p. ;
_c24 cm.
600 1 4 _aVelázquez, Diego,
_d1599-1660-
_vHomenajes
_9113796
710 2 _aMuseo Nacional de Pintura y Escultura (España)
_95904
852 _aES-MaACL
_jT-948-F-6
999 _c33047
_d33047